| 000 | 01089cam a22001934a 4500 | ||
|---|---|---|---|
| 005 | 20250605164338.0 | ||
| 008 | 250528s ||||||||||||||||||||||||d | ||
| 035 | _a23530 | ||
| 040 |
_aGR-AtMCL _bgre _dGR-AtMCL _eAACR2 |
||
| 245 | 1 | _aWhy Being a Caregiver is Hard on your Health/The Physical, Psychological, and Emotional Difficulties, in Formal Caregiver of Psychotic Patient. | |
| 260 | _c2010 | ||
| 300 | _a39 | ||
| 520 | _aIntroduction, Ethical Dilemnas in Nursing, The Psychiatric Nurse Patient Relationship, The Burnout Risk, Conditions that Cause Employee Burnout, Counteracting Burnout, Counseling Services, Clinical Supervision, Organizational Empowerment, Stigma and Psychological Services, The Phychiatric Reform in Greece, Research Questions and Aims, Rational, Aim, Objectives, Methodology, Design/Theoretical Approach to Methodology, Participants, Materials/Interview, Questions, Procedure, Ethical Considerations, References, Appendix. | ||
| 700 | 1 |
_aLouka Penelope _99017 |
|
| 700 | 1 |
_aSmyrni Panagiota _99103 |
|
| 942 | _cDS | ||
| 999 |
_c8531 _d8531 |
||